| 000 | 00526nam a2200193Ia 4500 | ||
|---|---|---|---|
| 003 | OSt | ||
| 005 | 20260427141458.0 | ||
| 008 | 210210b1988 xxu||||| |||| 00| 0 eng d | ||
| 040 | _cAL | ||
| 041 | _aKannada | ||
| 082 | _a307.72K NAGG | ||
| 100 |
_aNAGESH (H V). _dನಾಗೇಶ್ (ಎಚ್ ವಿ) _9262874 |
||
| 245 |
_aGramanthara _bಗ್ರಾಮಾಂತರ |
||
| 260 |
_aDharavada. _bSujatha Prakashana., _c1988 |
||
| 300 | _aviii,280 | ||
| 690 |
_aRural Sociology _9262875 |
||
| 906 | _a042126 | ||
| 942 |
_2ddc _cBK |
||
| 999 |
_c92061 _d92061 |
||